000 00243nam a2200109Ia 4500
005 20251222153636.0
008 251222s9999||||xx |||||||||||||| ||spa||
082 _aREF.312.098.5 I59/2007/A
245 0 _aPerĂº:
264 _bINEI
942 _cLIB
999 _c32545
_d32545